| 000 | 00620nam a2200217Ia 4500 | ||
|---|---|---|---|
| 005 | 20241216011100.0 | ||
| 008 | 190212s9999||||xx |||||||||||||| ||und|| | ||
| 082 |
_a658.3151 _bP19 |
||
| 100 | _aPALOMINO, TEODOSIO A. | ||
| 245 | 0 |
_aRELACIONES INDUSTRIALES _bTEORIA Y PRACTICA |
|
| 250 | _a0 | ||
| 260 |
_aLIMA-PERU _bJURIS LABORAL _c1989 |
||
| 300 |
_a426 pag _c21 cm |
||
| 341 | _h0 | ||
| 490 |
_v0 _a0 |
||
| 505 | _aORIGEN DESARROLLO-FINES TECNICAS/LIDERAZGO-TIPOS RELACIONES | ||
| 541 |
_aC _bALMACEN GENERAL _d13-Jun-97 _oSoles |
||
| 650 | _aCIENCIAS APLICADAS | ||
| 856 | _zCiencias Aplicadas | ||
| 942 | _cLIBRO | ||
| 999 |
_c32143 _d32143 |
||